00505nam a22001697a 450000500170000001000150001702000260003203500130005803700130007108200120008410000230009624500580011926000430017727000550022030000200027550000400029520150907143830.0 aENG-113465 c400.00a9788170545064 aEN-96997 bDBAD/PUB a301.153 aAjay Ranjan Prasad aMahatma Gandhi as a humanist /cby Ajay Ranjan Prasad aNew DelhibClassical Publishing c2011 a28, Shopping Centre, Karampura bNew Delhie110056 a143p.c22cm(Hb) aIncludes bibliographical references